[Event "XX Sants Open 2018"]
[Site "Cotxeres de Sants"]
[Date "2018.08.23"]
[Round "7"]
[White "Illescas Cordoba, Miguel"]
[Black "Guerra Mendez, Jose Angel"]
[Result "1-0"]
[WhiteElo "2605"]
[BlackElo "2550"]
[Annotator "TA"]
[PlyCount "115"]
[EventDate "2018.08.17"]
[EventType "swiss"]
[EventCountry "ESP"]
[SourceTitle "playchess.com"]
[Source "ChessBase"]
[SourceQuality "1"]

{[%evp 13,115,34,32,2,27,8,11,-18,0,-9,10,-4,6,-14,0,0,0,-12,0,0,11,0,8,0,14,0,0,0,0,0,6,6,37,39,54,54,54,54,49,33,54,52,71,48,89,89,89,101,89,89,89,89,89,91,93,89,95,95,137,129,141,141,113,134,93,97,152,146,206,161,161,161,283,283,283,283,283,274,274,184,300,173,807,807,782,663,599,592,592,506,544,125,5297,4814,29971,12795,6191,5089,29981,29982,29982,29983,29982,5110]} 1. c4 e5 2. Nc3 Nc6 3. e3 Nf6 4. Nf3 Be7 (4... Bb4 5. Qc2 Bxc3 6. Qxc3 Qe7 7. b3 O-O 8. Bb2 Re8 9. a3 a5 10. h3 b6 11. Be2 Bb7 12. O-O d5 13. cxd5 Nxd5 14. Qc2 e4 {1-0 (41) Caruana,F (2822)-Karjakin,S (2782) Stavanger 2018}) 5. Qb3 O-O 6. Be2 {A28: English Opening: Four Knights Variation} b6 7. O-O Bb7 {LiveBook: 4 Games} 8. d3 {White is slightly better.} Re8 9. Bd2 $146 ({Predecessor:} 9. a3 h6 10. Bd2 Bf8 11. Rad1 d6 12. Rfe1 {½-½ (31) Liang,A (2569)-Li,R (2583) Middleton 2018}) 9... Bf8 10. Nd5 Nxd5 11. cxd5 Ne7 {[%cal Bc6e7,Be7g6,Bg6h4,Bh4f3][%mdl 32]} 12. Nxe5 Bxd5 13. Qc2 d6 14. Nf3 c5 15. Bc3 Ng6 16. Rfe1 Rc8 17. Qd2 Be7 18. d4 Nh4 19. Qd1 Nxf3+ 20. Bxf3 Bxf3 21. Qxf3 Bf6 22. Red1 cxd4 23. Bxd4 Rc2 24. Bxf6 Qxf6 25. Qxf6 gxf6 26. Rxd6 $14 {[%mdl 4096] Endgame KRR-KRR} Kg7 27. b4 Rec8 28. g3 Rb2 {[#]} 29. Rd4 $1 Rcc2 30. Rg4+ Kf8 31. Rf4 Rxa2 32. Rd1 Rd2 33. Rxd2 Rxd2 34. Rxf6 $16 {KR-KR} Ra2 35. Rc6 Ke7 36. Rc7+ Ke6 37. Kg2 b5 38. Kf3 Ra4 39. h4 Kf6 (39... Rxb4 $142 40. Rxa7 Rc4) 40. e4 a6 (40... Rxb4 $16 41. Rxa7 Rb1 42. Ra6+ Kg7) 41. Kf4 Rxb4 42. Rc6+ Kg7 (42... Ke7 $142) 43. Rxa6 $18 Rb2 44. f3 {[%cal Bf2f3,Bf3f4][%mdl 32]} b4 45. Rb6 b3 46. g4 Rb1 (46... Rh2 {might work better.} 47. Rxb3 Rxh4) 47. h5 {And now h6+ would win.} h6 $2 (47... b2 48. Kf5 h6) 48. Kf5 b2 {[#]} 49. f4 $1 Kh7 50. Rb8 Kg7 51. Rb7 Kh8 52. e5 $2 (52. Ke5 $18 {is the precise move to win.} Rg1 53. Rxb2) 52... Kg8 $2 {[%mdl 8192]} (52... Kg7 $16 53. e6 Re1) 53. e6 fxe6+ 54. Kg6 {[%cal Rb7b8]} Kf8 55. g5 hxg5 56. fxg5 {White mates.} e5 57. h6 Rc1 58. Rb8+ {Precision: White = 64%, Black = 36%.} (58. h7 $142 Rh1 59. Rxb2 Ke7 60. Kg7 Ke6 61. g6 Kd7 62. h8=Q Rd1 63. Rb7+ Kc6 64. Qc8+ Kd5 65. Rd7+ Ke4 66. Rxd1) 1-0

[Event "XX Sants Open 2018"]
[Site "Cotxeres de Sants"]
[Date "2018.08.23"]
[Round "7"]
[White "Heimann, Andreas"]
[Black "Sviridov, Valery"]
[Result "1/2-1/2"]
[WhiteElo "2590"]
[BlackElo "2528"]
[Annotator "TA"]
[PlyCount "83"]
[EventDate "2018.08.17"]
[EventType "swiss"]
[EventCountry "ESP"]
[SourceTitle "playchess.com"]
[Source "ChessBase"]
[SourceQuality "1"]

{[%evp 16,83,31,37,41,33,35,37,24,29,32,43,39,33,31,22,60,60,56,55,58,50,66,56,57,57,77,85,85,81,92,51,48,37,50,14,23,16,18,12,15,16,16,24,25,26,130,126,105,95,162,192,189,206,209,184,179,199,138,0,0,0,0,0,0,0,0,0,0,-29988]} 1. Nf3 Nf6 {[%cal Bg8f6,Bf6d5,Bd5b4][%mdl 32]} 2. c4 g6 3. Nc3 d5 4. cxd5 Nxd5 5. Qc2 (5. e4 Nxc3 6. dxc3 Qxd1+ 7. Kxd1 f6 8. Be3 e5 9. Nd2 Nd7 10. Nb3 h5 11. f3 Nb6 12. Kc2 Bd7 13. Nc5 Bc6 14. b3 Bh6 15. Bxh6 Rxh6 16. a4 Ke7 17. Bb5 {½-½ (38) So,W (2778)-Aronian,L (2764) Leuven 2018}) 5... Nc6 6. d4 {[%cal Bd2d4,Bd4d5][%mdl 32] A16: Englische Eröffnung} Bg7 7. e4 Ndb4 8. Qa4 Bd7 9. Qb3 $1 {LiveBook: 8 Partien. Droht d5 und aus.} ({Aber nicht} 9. d5 $2 Nd4 $19) 9... e5 10. d5 Nd4 11. Nxd4 exd4 12. Qxb4 dxc3 13. bxc3 c5 $146 14. dxc6 ({Falsch wäre} 14. Qxc5 $2 Rc8 $19) 14... Bxc6 15. Rb1 Rc8 16. Bb5 Qd7 17. O-O Bxb5 18. Qxb5 Qxb5 19. Rxb5 b6 20. Ba3 Bxc3 21. Rc1 Kd7 22. Rd5+ Ke6 23. f4 Rc6 $1 24. Rcd1 {Und Td6+ würde nun gewinnen.} Rhc8 $1 25. g4 a5 26. Rd6+ Rxd6 27. Rxd6+ $11 {[%mdl 4096] Endspiel KTL-KTL} Ke7 {und nun wäre ...b5 stark für Schwarz.} 28. Rxb6+ Ke8 {Droht stark ...Ld4+.} 29. Rb7 Bd4+ 30. Kf1 Rc2 (30... Bc5 $11 31. Bxc5 Rxc5) 31. Re7+ $16 Kd8 32. Rxf7 Rxa2 (32... Rf2+ $16 {war einen Versuch wert.} 33. Ke1 Rxh2) 33. Bd6 $1 $18 Rf2+ 34. Ke1 Rxh2 {[#]} 35. e5 $1 {[%cal Re5e6] jetzt e6 und aus.} Bc3+ 36. Kf1 {Droht Matt per e6.} Bb4 {[#]} 37. Bxb4 (37. Bc7+ $1 $16 Ke8 38. e6) 37... axb4 $11 {Die Stellung ist ausgeglichen.} 38. Rb7 Rh4 39. Kf2 {Und weiter mit Kg3 wäre nett.} Rxg4 40. Kf3 h5 41. Rxb4 g5 42. Ke4 $2 {[%mdl 40960] Precision: Weiß = 81%, Schwarz = 72%. . An unexpected result.} (42. Ra4 $11) 1/2-1/2

[Event "XX Sants Open 2018"]
[Site "Cotxeres de Sants"]
[Date "2018.08.23"]
[Round "7"]
[White "Svetushkin, Dmitry"]
[Black "Gukesh D"]
[Result "1-0"]
[WhiteElo "2580"]
[BlackElo "2440"]
[Annotator "TA"]
[PlyCount "113"]
[EventDate "2018.08.17"]
[EventType "swiss"]
[EventCountry "ESP"]
[SourceTitle "playchess.com"]
[Source "ChessBase"]
[SourceQuality "1"]

{[%evp 17,113,32,42,40,47,45,53,50,60,53,80,52,195,184,183,175,177,178,205,234,293,283,421,232,575,525,405,258,270,246,216,148,158,130,107,116,110,88,89,40,41,46,55,0,0,0,0,0,99,108,124,124,281,290,271,267,267,260,290,285,350,350,343,342,327,319,312,0,266,255,255,233,282,227,307,270,267,234,227,227,228,197,214,192,190,155,182,189,211,156,245,229,29975,29978,29977,29978,29978,29977]} 1. e4 c6 2. d4 d5 3. e5 Bf5 4. Nf3 e6 5. Be2 Ne7 6. c3 Nd7 7. O-O h6 8. Nbd2 {B12: Caro-Kann: Advance Variation} c5 9. dxc5 Nxc5 {LiveBook: 4 Games} 10. Nd4 {White is slightly better.} Nd7 11. f4 $146 ({Predecessor:} 11. Nxf5 Nxf5 12. Bd3 Ne7 13. Nf3 Nc6 14. Re1 Qc7 15. Qe2 g5 {0-1 (50) Karjakin,S (2773)-Mamedyarov,S (2801) Saint Louis 2018}) 11... Bh7 12. Bh5 Qb6 13. a4 Nc6 14. N2b3 {Hoping for a5.} Nc5 {[#]} ({Black should try} 14... Nxd4 $14 15. Nxd4 a5) 15. a5 $1 $36 {[%cal Ra5b6][%mdl 2048] White is on the roll.} Qc7 16. Be3 {Black must now prevent Nb5.} Nxb3 {[#]} 17. Nxe6 $1 (17. Qxb3 $6 Bc5 $11) (17. Nxb3 $6 Be7 $11) 17... Qc8 18. Nxf8 (18. Qxb3 $6 Qxe6 19. Qxb7 Rb8 $16) (18. Qxd5 g6 $14) 18... Nxa1 19. Nxh7 Qf5 (19... Rxh7 $142 20. a6 (20. Qxa1 Qe6 $16) 20... Ne7) 20. e6 (20. a6 $142) 20... O-O-O $2 (20... Qxe6 {is tougher.} 21. Re1 O-O-O) 21. Bg4 Qe4 22. exf7+ Kb8 23. Bc5 Qxh7 24. Qxa1 {Be6 is the strong threat.} Qg6 25. f8=Q Rhxf8 26. Bxf8 Rxf8 27. Qd1 Qd6 28. a6 Rxf4 29. Rxf4 Qxf4 30. axb7 (30. Bf3 $14) 30... Ne5 $11 31. Be2 Qe3+ 32. Kh1 Qc5 (32... Nc4 $11 {keeps the balance.}) 33. Ba6 $16 Qc6 34. Qd4 Qxa6 $2 (34... Nc4 $16 {is a better defense.}) 35. Qxe5+ $18 Kxb7 {[%cal Ra6f1]} 36. Qxd5+ $16 {[%mdl 4096] Endgame KQ-KQ} ({Much less strong is} 36. Qxg7+ $6 Kb8 $16) 36... Kc7 {[%cal Ra6f1]} 37. Qf7+ Kc8 38. Qg8+ Kc7 {[%cal Ra6f1]} 39. Qxg7+ Kc8 {[%cal Ra6f1]} 40. Qg4+ Kc7 {[%cal Ra6f1]} 41. Qf4+ Kc8 {( -> ...Qa1+)} 42. Qg4+ Kc7 {[%cal Ra6f1]} 43. Qd1 Qb5 44. Qc1 h5 45. h3 Qe5 46. Qg1 Kb7 47. Qd4 Qe1+ 48. Kh2 h4 49. Qf4 Kc6 50. Qb8 a5 51. b3 Kd5 52. Qc7 Ke6 53. c4 {Threatens to win with c5.} Qc3 (53... Qe3 $16 54. c5 (54. Qxa5 Qf4+ 55. Kg1 Qe3+ 56. Kf1 Qd3+ 57. Ke1 Qe3+ 58. Kd1 Qxb3+ 59. Kd2 Qxc4 $16) 54... Qxb3 55. Qd6+ (55. Qxa5 Qg3+ 56. Kh1 Kd5 $18) 55... Kf5 56. Qd7+ Ke4) 54. Qc6+ $18 Ke5 $2 (54... Ke7 $18 55. Qe4+ Kd7 56. Qxh4 Qxb3 57. Qd4+ Ke6 58. Qd5+ Ke7 59. Qe5+ Kd7 60. Qxa5 Qb8+ 61. Kg1 Qb1+ 62. Kf2 Qc2+ 63. Kg3 Qb3+ 64. Kh4 Qxc4+ 65. g4 Qd4 66. Qf5+ Kc7 67. Qf7+ Kb6) 55. Qd5+ {White mates.} Kf4 {[#]} 56. Qf3+ $1 Qxf3 57. gxf3 {Precision: White = 57%, Black = 44%.} 1-0

[Event "XX Sants Open 2018"]
[Site "Cotxeres de Sants"]
[Date "2018.08.23"]
[Round "7"]
[White "Moussard, Jules"]
[Black "Vetoshko, Volodymyr"]
[Result "1/2-1/2"]
[WhiteElo "2566"]
[BlackElo "2525"]
[Annotator "TA"]
[PlyCount "62"]
[EventDate "2018.08.17"]
[EventType "swiss"]
[EventCountry "ESP"]
[SourceTitle "playchess.com"]
[Source "ChessBase"]
[SourceQuality "1"]

{[%evp 16,62,7,12,59,29,27,10,10,2,43,32,45,43,56,75,132,86,175,165,236,184,436,436,741,741,663,504,481,501,704,390,376,383,366,288,306,222,211,218,210,0,0,0,0,0,0,0,0]} 1. e4 c5 2. Nf3 Nc6 3. Nc3 e6 4. Bb5 Nge7 5. d4 cxd4 6. Nxd4 Nxd4 7. Qxd4 a6 {B30: Sicilian: 2...Nc6 3 Bb5, lines without ...g6} 8. Bd3 (8. Be2 Nc6 9. Qe3 Qc7 10. Qg3 Qxg3 11. hxg3 b5 12. Bf4 d6 13. O-O-O Ne5 14. a4 b4 15. Na2 {1-0 (46) Martinez Duany,L (2507)-Martin Del Campo C,R (2351) Santa Clara 2018}) 8... Nc6 9. Qe3 {LiveBook: 6 Games} g6 $146 ({Predecessor:} 9... Be7 10. Qg3 O-O 11. h4 Kh8 12. Bf4 d6 13. O-O-O Qc7 14. Kb1 b5 15. h5 {1-0 (34) Lovakovic,F (2387)-Peli,G (2252) ICCF email 2016}) 10. O-O Bg7 11. Qh3 h5 12. f4 d6 13. Be3 {[%cal Bc1e3,Be3f2,Bf2h4][%mdl 32]} d5 {Threatens to win with ...d4.} 14. Bf2 d4 15. Ne2 g5 (15... e5 $142 16. f5 O-O) 16. Rad1 Bd7 (16... h4 $16) 17. e5 $1 $18 gxf4 {[#]} (17... h4 $142) 18. Bh4 $1 {[%cal Rh4d8]} ({Stronger than} 18. Nxf4 Qg5 $11) ({Worse is} 18. Nxd4 Nxe5 19. Be2 Rc8 $11) 18... Qb6 $2 (18... Ne7 {is a better defense.}) 19. Nxf4 Nxe5 (19... Qc5 $142 20. Ng6 Nxe5) 20. Qg3 Ng4 {[#]} 21. Nxh5 $1 {[%mdl 512]} Rxh5 22. Qxg4 Qc5 23. Bg6 Rxh4 24. Bxf7+ Kd8 25. Qxh4+ Kc7 26. Qh5 Qd6 {intending ...Rh8.} 27. Qg5 Rh8 {[#] ...Bh6 is the strong threat.} 28. Qxg7 $2 (28. h3 $1 $18 Bh6 29. Qg4) 28... Qxh2+ $11 {The position is equal.} 29. Kf2 Qf4+ 30. Kg1 Qh2+ 31. Kf2 Qf4+ {Precision: White = 42%, Black = 41%.} 1/2-1/2

[Event "XX Sants Open 2018"]
[Site "Cotxeres de Sants"]
[Date "2018.08.23"]
[Round "7"]
[White "Vaibhav, Suri"]
[Black "Narciso Dublan, Marc"]
[Result "1-0"]
[WhiteElo "2561"]
[BlackElo "2483"]
[Annotator "TA"]
[PlyCount "107"]
[EventDate "2018.08.17"]
[EventType "swiss"]
[EventCountry "ESP"]
[SourceTitle "playchess.com"]
[Source "ChessBase"]
[SourceQuality "1"]

{[%evp 29,106,36,40,33,32,34,38,19,43,45,39,37,37,36,31,25,26,27,80,54,47,29,25,4,28,0,80,81,81,93,177,177,171,148,158,167,160,150,159,168,425,422,459,459,424,416,401,397,483,466,802,802,766,748,686,0,394,228,256,248,564,554,560,561,512,524,889,852,814,780,29976,29978,29977,29978,29997,29998,29998,29999,29999]} 1. e4 e6 2. d4 d5 3. Nd2 c5 4. exd5 exd5 5. Ngf3 Nf6 6. Bb5+ Bd7 7. Bxd7+ Nbxd7 8. O-O Be7 9. dxc5 Nxc5 10. Re1 O-O 11. Nf1 Re8 12. Be3 a5 13. c3 a4 {C08: French Tarrasch: 3...c5 4 exd5 exd5 sidelines} 14. a3 Nb3 (14... Qa5 15. Qc2 Rad8 16. Rad1 Qa6 17. Bd4 Nfe4 18. Ne3 Qb5 19. Be5 Qc6 20. Re2 Bf8 21. Bd4 {1-0 (42) Sjugirov,S (2612)-Kokarev,D (2622) St Petersburg 2009}) 15. Rb1 Qd7 {LiveBook: 3 Games. White is slightly better.} 16. Qd3 $146 ({Predecessor:} 16. Qc2 Ra6 17. Rbd1 Re6 18. N1d2 Nxd2 19. Qxd2 Bf8 20. Nd4 R6e7 21. Nc2 {½-½ (31) Ries,B (2297)-Lukas,N (2336) GER email 2017}) 16... Bc5 17. Rbd1 h6 18. h3 Qc6 19. Bxc5 Nxc5 20. Rxe8+ Rxe8 21. Qc2 Ncd7 22. Nd4 {[%cal Bf3d4,Bd4e2,Be2c1,Bc1d3][%mdl 32]} Qa6 23. Ne3 {[%cal Bf1e3,Be3c2,Bc2d4][%mdl 32]} g6 (23... Ne5 $11) 24. Ne2 Re4 25. Nc1 Qe6 26. Nd3 b5 27. Qd2 h5 {[#]} (27... d4 $11 {remains equal.} 28. cxd4 Rxd4) 28. Nc2 $1 $16 Qe7 29. Nd4 Nc5 (29... Nb6 $16 {was called for.}) 30. f3 $18 Nxd3 31. fxe4 dxe4 {[#]} 32. Qg5 $1 $36 {[%mdl 2048] White is in control.} ({Don't play} 32. Nxb5 $6 Qe5 $14) 32... Qd6 33. Rf1 Nd7 34. Qxb5 N7e5 $2 (34... N7c5 35. Qc4 Ne5) 35. Qxa4 Kg7 36. Qa8 e3 37. Qe4 Nxb2 {Now ...Nbc4 and Black clings on.} 38. Qxe3 Nbc4 39. Qg5 {White threatens Nf5+ and mate.} Qxa3 (39... Kh7 $142 40. a4 Qa3) 40. Nf5+ Kg8 41. Ne7+ Kg7 42. Nf5+ Kg8 43. Rd1 (43. Kh1 $142) 43... Nc6 44. Nh6+ Kg7 $2 (44... Kh7 {is a better chance.} 45. Rf1 N4e5) 45. Rd7 N4e5 46. Nf5+ $1 Kg8 47. Rc7 Qa8 48. Ne7+ Nxe7 49. Qxe7 {KQR-KQN} Qe4 50. Qe8+ {White mates.} Kg7 {[#]} 51. Rxf7+ $1 {[%mdl 512]} Kh6 (51... Nxf7 52. Qxe4) 52. Qf8+ Kg5 53. Qe7+ Kh6 54. Rh7# {Precision: White = 77%, Black = 41%.} 1-0

[Event "XX Sants Open 2018"]
[Site "Cotxeres de Sants"]
[Date "2018.08.23"]
[Round "7"]
[White "Peralta, Fernando"]
[Black "Rajesh, VAV"]
[Result "1-0"]
[WhiteElo "2556"]
[BlackElo "2325"]
[Annotator "TA"]
[PlyCount "73"]
[EventDate "2018.08.17"]
[EventType "swiss"]
[EventCountry "ESP"]
[SourceTitle "playchess.com"]
[Source "ChessBase"]
[SourceQuality "1"]

{[%evp 28,73,0,0,0,0,36,12,34,37,40,27,35,48,42,42,45,45,63,22,29,15,10,8,15,13,8,0,113,131,136,130,415,397,378,122,110,0,391,387,710,706,660,649,29985,29986,29986,29987]} 1. d4 Nf6 2. c4 g6 3. Nc3 d5 4. cxd5 Nxd5 5. e4 Nxc3 6. bxc3 Bg7 7. Bc4 c5 8. Ne2 O-O 9. O-O Nc6 10. Be3 Qc7 11. Rc1 b6 12. Qd2 Bb7 {D87: Exchange Grünfeld: Classical Line: Variations without ...cxd4} 13. Bh6 Rad8 (13... e6 14. Bxg7 Kxg7 15. Qe3 Rfd8 16. f4 Qe7 17. Qf2 f5 18. Bd3 fxe4 19. Bxe4 Nxd4 20. cxd4 Bxe4 21. dxc5 bxc5 22. Rxc5 {0-1 (34) Bacrot,E (2706)-Vachier Lagrave,M (2682) Nancy 2012}) 14. Bxg7 Kxg7 15. Qe3 {LiveBook: 22 Games} Na5 16. Bd3 Qd6 $146 ({Predecessor:} 16... c4 17. Bc2 e6 18. e5 Qe7 19. Ng3 f5 20. exf6+ Rxf6 {0-1 (49) Van de Haak,G (2222)-Pheby,I (2418) ICCF email 2011}) 17. f4 f5 18. exf5 gxf5 19. Qe5+ Qxe5 20. fxe5 e6 21. Nf4 Kf7 22. dxc5 bxc5 23. Rb1 {Black must now prevent Rb5.} Bc6 24. Be2 Rd2 25. Rfd1 $36 {[%mdl 2048] White has the initiative.} Rfd8 26. Rxd2 Rxd2 27. Rb8 Rxa2 (27... Bd7 $1 $11 {keeps the balance.}) 28. Rh8 $16 Kg7 29. Rc8 $1 Rc2 $2 {[%mdl 8192]} (29... Bd5 $16 {might work better.}) 30. Nxe6+ $18 Kf7 {[#]} 31. Ng5+ $2 (31. Nf4 $1 $18 {is the precise move to win.}) 31... Kg7 $16 32. Ne6+ $2 {[%mdl 8192]} (32. Bf1 $16) 32... Kf7 $1 $18 {[%cal Rf7e6] [#]} 33. Nf4 $1 Rxc3 $2 (33... Be4 34. e6+ (34. Rxc5 Nc6 $18) 34... Kf6 35. Rf8+ (35. Rxc5 Nc6 $16) 35... Ke7 36. Rf7+ Ke8 37. Rxh7 Nc6 38. Bh5+ Kd8 39. Rd7+ Kc8) 34. Rc7+ Kg8 35. Nh5 Rc2 36. Nf6+ Kf8 37. e6 {Precision: White = 54%, Black = 27%.} 1-0

[Event "XX Sants Open 2018"]
[Site "Cotxeres de Sants"]
[Date "2018.08.23"]
[Round "7"]
[White "Moroni, Luca Jr"]
[Black "Nisipeanu, Liviu Dieter"]
[Result "1/2-1/2"]
[WhiteElo "2547"]
[BlackElo "2657"]
[Annotator "TA"]
[PlyCount "35"]
[EventDate "2018.08.17"]
[EventType "swiss"]
[EventCountry "ESP"]
[SourceTitle "playchess.com"]
[Source "ChessBase"]
[SourceQuality "1"]

{[%evp 27,35,7,12,2,14,-8,-12,-8,0,0]} 1. c4 e6 2. Nc3 d5 3. d4 Nf6 4. cxd5 exd5 5. Bg5 c6 6. e3 Be7 7. Bd3 Nbd7 8. Qc2 h6 9. Bh4 Nh5 10. Bxe7 {D36: Queen's Gambit Declined: Exchange Variation: Main line (5 Bg5 c6 6 Qc2)} Qxe7 11. O-O-O Nb6 12. h3 Nf6 13. Nf3 Be6 14. Kb1 O-O-O {[#] LiveBook: 10 Games. The position is equal.} 15. Ka1 $146 ({Predecessor:} 15. Nd2 Kb8 16. Nb3 Rhe8 17. f3 Nfd7 {½-½ (34) Tomashevsky,E (2728)-Adams,M (2744) Wijk aan Zee 2016}) 15... Kb8 16. Na4 Nxa4 17. Qxa4 Ne4 18. Qc2 1/2-1/2

[Event "XX Sants Open 2018"]
[Site "Cotxeres de Sants"]
[Date "2018.08.23"]
[Round "7"]
[White "Zanan, Evgeny"]
[Black "Petrov, Nikita"]
[Result "1/2-1/2"]
[WhiteElo "2512"]
[BlackElo "2591"]
[Annotator "TA"]
[PlyCount "30"]
[EventDate "2018.08.17"]
[EventType "swiss"]
[EventCountry "ESP"]
[SourceTitle "playchess.com"]
[Source "ChessBase"]
[SourceQuality "1"]

{[%evp 27,30,12,16,-9,-9]} 1. d4 Nf6 2. c4 e6 3. Nc3 Bb4 4. Qc2 d5 5. cxd5 Qxd5 6. e3 c5 7. Bd2 {[%cal Bc1d2,Bd2c3,Bc3d4][%mdl 32]} Bxc3 8. Bxc3 cxd4 9. Bxd4 Nc6 10. Bc3 O-O {E34: Nimzoindisch (4.Dc2)} 11. Nf3 Rd8 12. Be2 Qe4 13. Rc1 Qxc2 14. Rxc2 Nd5 {LiveBook: 11 Partien} 15. Bd2 (15. Ne5 Bd7 16. Nxc6 Bxc6 17. Bd2 Ne7 18. f3 {½-½ (38) Mamedyarov,S (2804)-Carlsen,M (2834) Wijk aan Zee 2018}) 15... e5 $146 ({Vorgänger:} 15... Ndb4 16. Rc4 Nd3+ 17. Bxd3 Rxd3 18. Ke2 {½-½ (18) Akshat,K (2403)-Horvath,D (2433) Balatonlelle 2018}) 1/2-1/2

[Event "XX Sants Open 2018"]
[Site "Cotxeres de Sants"]
[Date "2018.08.23"]
[Round "7"]
[White "Diermair, Andreas"]
[Black "Esipenko, Andrey"]
[Result "1-0"]
[WhiteElo "2501"]
[BlackElo "2589"]
[Annotator "TA"]
[PlyCount "77"]
[EventDate "2018.08.17"]
[EventType "swiss"]
[EventCountry "ESP"]
[SourceTitle "playchess.com"]
[Source "ChessBase"]
[SourceQuality "1"]

{[%evp 15,77,0,16,0,28,20,31,-15,-3,-20,0,-3,-6,-11,0,-11,9,-15,0,-16,0,0,0,-28,-29,-13,-25,-12,-11,-7,-12,-24,-24,-11,-27,-22,0,-8,41,0,1,10,126,135,169,181,185,174,185,197,177,65,382,369,483,483,447,334,506,495,615,566,940,932]} 1. c4 e5 2. Nc3 Nf6 3. Nf3 Nc6 4. e3 Bb4 5. Qc2 Bxc3 6. bxc3 d6 {A28: English Opening: Four Knights Variation} 7. e4 O-O 8. g3 Nd7 {LiveBook: 7 Games. The position is equal.} (8... Ne8 9. Nh4 Ne7 10. d3 f5 11. exf5 Nxf5 12. Nxf5 Bxf5 13. Bg2 c6 14. h3 {1-0 (56) Carlsen,M (2843)-Topalov,V (2749) Shamkir 2018}) 9. Nh4 Nc5 10. d3 a6 11. a4 Na5 12. Be3 Qe8 13. Be2 Bd7 {[%cal Rd7a4]} 14. Bd1 {[#]} Be6 $146 ({Predecessor:} 14... b5 15. cxb5 axb5 16. Bxc5 dxc5 17. axb5 Bxb5 {½-½ (23) Arancibia Guzman,E (2487)-Simakhin,A (2521) ICCF email 2012}) 15. Rb1 Qc6 16. f3 Qe8 17. Rb4 Bd7 18. O-O b6 19. f4 exf4 20. Bxf4 Bh3 21. Re1 f5 {aiming for ...fxe4.} 22. e5 $1 {d4 is the strong threat.} Nc6 {[%cal Rd6e5]} 23. Bf3 dxe5 24. Bd5+ Kh8 25. Rbb1 $1 Rd8 26. Nf3 {[%cal Rf4e5]} Qd7 27. Bxe5 (27. Bxc6 $5 Qxc6 28. Nxe5 $11) 27... Bg4 {White must now prevent ...Bxf3.} 28. Bf4 $36 {[%mdl 2048] White wants to play d4. White fights for an advantage.} Bh5 (28... Bxf3 $1 $11 29. Bxf3 Na5) 29. Nd4 $16 Nxd4 30. cxd4 Nxa4 {[#]} 31. Be5 $1 {Strongly threatening Be6!} Bf7 {[#]} 32. Bb7 $1 {[%cal Rb7a6]} f4 33. Bxa6 (33. Qg2 $18) 33... fxg3 $2 {[%mdl 8192]} ({Black should try} 33... f3 $1 $14) 34. hxg3 $18 Bg6 35. Bb5 Qg4 36. Re3 ({Not} 36. Qxa4 Rf3 $18) 36... Rxd4 (36... c5 {was worth a try.}) 37. Bxa4 {White is clearly winning.} Rxd3 38. Rxd3 Qe4 39. Bxg7+ {Precision: White = 54%, Black = 20%.} 1-0

[Event "XX Sants Open 2018"]
[Site "Cotxeres de Sants"]
[Date "2018.08.23"]
[Round "7"]
[White "Cuartas, Jaime Alexander"]
[Black "Volkov, Sergey"]
[Result "1/2-1/2"]
[WhiteElo "2499"]
[BlackElo "2557"]
[Annotator "TA"]
[PlyCount "124"]
[EventDate "2018.08.17"]
[EventType "swiss"]
[EventCountry "ESP"]
[SourceTitle "playchess.com"]
[Source "ChessBase"]
[SourceQuality "1"]

{[%evp 25,124,6,10,0,4,0,0,0,0,-4,-4,-2,-2,-6,-1,-7,-6,-5,-2,-13,-13,-13,-6,-12,-11,-12,-13,-29,-27,-20,-33,-24,-16,-14,-7,-17,-13,-17,-16,-25,-5,-5,-5,-5,-5,-18,-5,-31,-5,-5,-5,-5,-5,-5,-5,-5,-5,-5,0,0,0,0,0,0,0,-20,-18,-24,-20,-275,-264,-262,-15,-14,-15,-153,-66,-61,-60,-78,-67,-71,-56,-134,0,-80,0,-56,0,0,0,0,0,0,0,0,0,0,0,0,0]} 1. d4 d5 2. c4 c6 3. Nf3 Nf6 4. Nc3 dxc4 5. a4 e6 6. e3 c5 7. Bxc4 Nc6 8. O-O cxd4 9. exd4 Be7 {D16: Slav Defence: 5 a4: Lines with 5...Bg4 and 5...Na6} 10. d5 (10. Qe2 O-O 11. Rd1 Nd5 12. Qe4 Nf6 13. Qh4 Nd5 14. Qe4 Nf6 15. Qh4 Nd5 16. Qg3 Bd6 17. Qh3 {½-½ (40) Gelfand,B (2695)-Dubov,D (2696) Sochi 2018}) 10... exd5 11. Nxd5 Nxd5 12. Qxd5 Qxd5 13. Bxd5 O-O {LiveBook: 3 Games} 14. Bf4 $146 ({Predecessor:} 14. Be3 Be6 15. Bxe6 fxe6 16. Rfe1 Rfe8 17. Nd4 Nxd4 18. Bxd4 {0-1 (53) Atalik,E (2451)-Shen,Y (2465) Riadh 2017}) 14... Bf6 15. Bxc6 bxc6 16. Be5 Be7 17. Rac1 c5 18. Rfd1 Be6 19. Bd6 Bxd6 20. Rxd6 Rfd8 21. Rxd8+ Rxd8 $11 {[%mdl 4096] Endgame KRB-KRN} 22. h3 Rd5 23. Kf1 Kf8 24. Ke2 Ke7 25. Rc3 Kd6 26. Ke1 Kc6 27. Nd2 Rd4 28. b3 $1 g5 29. Kd1 Kd5 30. Kc1 h6 31. Nc4 Kc6 32. Ne3 Rf4 33. f3 Kd6 34. Nc2 h5 35. Kd2 h4 36. Ke3 a6 37. Kd2 Bd5 38. Ke3 f5 39. Ke2 Be6 40. Ke3 a5 41. Kd2 c4 42. b4 axb4 43. Nxb4 {Black must now prevent Ke3.} Rd4+ 44. Kc1 Kc5 45. Na6+ Kb6 46. Nb4 Rd6 47. Nc2 $2 {[%mdl 8192] [#]} (47. Re3 $11) 47... f4 $1 $19 48. a5+ Kb5 $2 (48... Kxa5 $19 {Strongly threatening ...Kb5.} 49. Ra3+ Kb5) 49. Ra3 $11 Bc8 50. Rc3 {[#]} (50. Ra2 $11) 50... Ba6 (50... Bf5 $1 $17 51. Ra3 Bd3) 51. Ra3 $15 Rd7 52. Ne1 Kc5 53. Nc2 Rd6 54. Ne1 (54. Ra4 $15) 54... Kb5 (54... Rd5 $142 55. Nc2 Rd8) 55. Nc2 $17 Bc8 (55... Rd8 $17) 56. Ra2 (56. Rc3 $11) 56... Rd7 ({Black should try} 56... Kc5 $15) 57. Na3+ $11 {The position is equal.} Kc5 58. Nxc4 Kxc4 59. Rc2+ Kd4 {...Ba6 is the strong threat.} 60. Rxc8 Ra7 61. Rd8+ Kc4 62. Rc8+ Kd4 {Precision: White = 56%, Black = 58%.} 1/2-1/2